000 01599cam a2200421 a 4500
003 OSt
005 20140310182430.0
008 090407s2010 paua b 001 0 eng
020 _a9780323052498 (alk. paper)
020 _a0323052495 (alk. paper)
042 _apcc
049 _aCVUA
082 0 0 _aRC 691.6.I52V43
_b.Sa111 2010
100 1 _aSaad, Nael E. A.
_97421
245 1 0 _aVascular and interventional imaging :
_bcase review series /
_cNael E. A. Saad, Suresh Vedantham, Jennifer E. Gould.
250 _a2nd ed.
260 _aPhiladelphia, PA :
_bMosby/Elsevier,
_cc2010.
300 _axi, 291 p. :
_bill. ;
_c28 cm.
490 1 _aCase review series.
541 _j1
562 _e1
650 0 _aBlood-vessels
_xImaging
_vCase studies.
_97422
650 0 _aBlood-vessels
_xInterventional radiology
_vCase studies.
_97423
650 1 2 _aVascular Diseases
_xradiography
_vCase Reports.
_97424
650 1 2 _aVascular Diseases
_xradiography
_vProblems and Exercises.
_97425
650 2 2 _aRadiography, Interventional
_xmethods
_vCase Reports.
_97426
650 2 2 _aRadiography, Interventional
_xmethods
_vProblems and Exercises.
_97427
700 1 _aVedantham, Suresh.
_97428
700 1 _aGould, Jennifer E.
_97429
700 1 _aVedantham, Suresh.
_tVascular & interventional imaging.
_97430
700 1 _aKaufman, John A.
_tVascular and interventional radiology.
_97431
830 0 _aCase review series.
_97432
910 _a20110715/w/c;ckc
942 _2lcc
_cSSLC
980 _a190111
_b38911
_e3846
_f214442
_g1
981 _aybp
_bMDE
_d99940695273
999 _c13344
_d13344